Cumhuriyet İstanbul’unda kadın / (Record no. 14650)
[ view plain ]
| 000 -BAŞLIK | |
|---|---|
| Sabit Uzunlukta Kontrol Alanı | 00851nam a22002417a 4500 |
| 999 ## - SİSTEM KONTROL NUMARALARI (KOHA) | |
| Koha Biblionumber | 14650 |
| Koha Biblioitemnumber | 14650 |
| 003 - KONTROL NUMARASI IDENTIFIER | |
| Denetim Alanı | MIRAKIL |
| 005 - SON İŞLEM TARİHİ VE ZAMANI | |
| Denetim Alanı | 20211202120757.0 |
| 008 - SABİT-BOY VERİ ELEMANLARI - GENEL BİLGİLER | |
| Sabit Uzunlukta Kontrol Alanı | 211202b tu ||||| |||| 00| 0 tur d |
| 020 ## - ULUSLARARASI STANDART KİTAP NUMARASI | |
| Uluslararası Standart Kitap Numarası | 9786257288408 |
| 040 ## - KATALOGLAMA KAYNAK | |
| Orijinal Kataloglama Ajansı | TR-AnCHP |
| Metne Dönüştürmek Ajansı | TR-AnCHP |
| 041 ## - DİL KODU | |
| Metin / Ses Parça Veya Ayrı Başlığın Dil Kodu | Tur |
| 082 ## - DEWEY ONLU SINIFLANDIRMA NUMARASI | |
| Sınıflandırma Numarası | 305.4 |
| Ürün Numarası | C85 2021 |
| 245 10 - BAŞLIK TABLOSU | |
| Başlık | Cumhuriyet İstanbul’unda kadın / |
| Sorumluluk Tablosu, Vb | proje direktörü Cengiz Özkarabekir ; yayın yönetmeni Ahmet Bozkurt ; Editör: Ayla Duru Karadağ |
| 260 ## - YAYIN, DAĞITIM, VB | |
| Yayın, Dağıtım, Vb Yeri | İstanbul: |
| Yayıncı, Dağıtıcı, Vs Adı | İstanbul Büyükşehir Belediyesi, |
| Yayın, Dağıtım, Vb Tarihi | 2021. |
| 300 ## - FİZİKSEL TANIM | |
| Kapsam | 632 s.: |
| Diğer Fiziksel Ayrıntıları | res.; fotg.; |
| Boyutlar | 27 sm. |
| 504 ## - KAYNAKÇA VB NOT | |
| Kaynakça Vb Notu | Dizin vardır. |
| 650 #0 - KONU KATMA GİRİŞ - TOPİKAL DÖNEM | |
| 9 (RLIN) | 569 |
| Topikal Süreli Veya Coğrafi Ad Giriş Elemanı | Kadınlar |
| Genel Alt Bölümü | Tarih |
| 651 #0 - KONU KATMA GİRİŞ - COĞRAFİ ADI | |
| 9 (RLIN) | 5576 |
| Coğrafi İsim | İstanbul (Türkiye) |
| Genel Alt Bölümü | Tarih |
| -- | Kadınlar |
| Kronolojik Alt Bölümü | Cumhuriyet dönemi |
| 700 1# - KATMA GİRİŞ - KİŞİSEL İSİM | |
| 9 (RLIN) | 4916 |
| Kişisel Ad | Özkarabekir, Cengiz |
| 700 ## - KATMA GİRİŞ - KİŞİSEL İSİM | |
| 9 (RLIN) | 6583 |
| Kişisel Ad | Bozkurt, Ahmet |
| 700 ## - KATMA GİRİŞ - KİŞİSEL İSİM | |
| 9 (RLIN) | 6840 |
| Kişisel Ad | Karadağ, Ayla Duru |
| Relator Terim | ed. |
| 942 ## - EKLENDİ GİRİŞ ELEMANLARI (KOHA) | |
| Sınıflandırma Veya Raf Düzeni Kaynak | Dewey Decimal Classification |
| Koha Öğesi Türü | Books |
| Kalıcı Konum | Mevcut Konum | Edinme Tarihi | Toplam Check-Out'Lar | Tam Çağrı Numarası | Barkod | Tarih Son Görülme | İtibaren Geçerli Fiyatlar | Koha Öğesi Türü |
|---|---|---|---|---|---|---|---|---|
| CHP Kütüphanesi | CHP Kütüphanesi | 12/02/2021 | 305.4 C85 2021 | 020142 | 12/02/2021 | 12/02/2021 | Books |
